| 000 | 01083nam a22002537a 4500 | ||
|---|---|---|---|
| 005 | 20170124102957.0 | ||
| 010 | _aB-198020 | ||
| 020 |
_c250.00 _a8190128042 |
||
| 035 | _aB-198020 | ||
| 037 | _bCen Lib/Ret | ||
| 040 |
_aDPL _bHN |
||
| 082 |
_a615.535 _bबनर्जी |
||
| 100 |
_aबनर्जी, कमला _953493 |
||
| 245 |
_aप्राकृतिक चिकित्सा एंव स्वस्थ्य / _cकमला बनर्जी |
||
| 246 |
_aPrakritik chikitsa env swasthya / _bby Kamla Benarji |
||
| 260 |
_aदिल्ली _bखुराना पब्लिशिंग हाउस _c2005 |
||
| 270 |
_a94, मानक विहार _bदिल्ली _e110092 |
||
| 300 |
_a210पृ. _c20सेमी (सजिल्द) |
||
| 650 |
_aप्राकृतिक चिकित्सा _9717 |
||
| 650 |
_aपारंपरिक चिकित्सा _91199 |
||
| 650 |
_aNaturopathy _953494 |
||
| 650 |
_aTraditional Medicine _953495 |
||
| 942 |
_2ddc _cHN _h615.535 _mबनर्जी |
||
| 999 |
_c113701 _d113701 |
||